000 00502nam a2200169Ia 4500
008 090711s9999 xx 000 0 und d
082 _b29448
100 _aखरे सुरेश
245 _aपपा सांगा कुणाSो ?
260 _c1971
300 _a82
600 _aखरे सुरेश
630 _aपपा सांगा कुणाSो ?
700 _aखरे सुरेश
730 _aपपा सांगा कुणाSो ?
942 _cBOOK
999 _c305636
_d305636